Rozvoj cestovného ruchu vo vybranom regióne SR diplomová práca

Guardado en:
Detalles Bibliográficos
Autor principal: Čierna, Zuzana
Autor Corporativo: Obchodná fakulta EU. Katedra služieb a cestovného ruchu - zrušené
Otros Autores: Plesník, Pavol, 1956-
Formato: Libro
Lenguaje:eslovaco
Publicado: Bratislava 2012
Etiquetas: Agregar Etiqueta
Sin Etiquetas, Sea el primero en etiquetar este registro!

MARC

LEADER 00000nbm a2200000 4500
001 0158882
005 20161109102214.6
041 0 |a slo 
044 |a SK 
245 1 0 |a Rozvoj cestovného ruchu vo vybranom regióne SR  |b diplomová práca  |c Zuzana Čierna ; školiteľ: Pavol Plesník 
264 1 |a Bratislava  |c 2012 
300 |a 67 s. 
100 1 |a Čierna, Zuzana 
700 1 |a Plesník, Pavol, 1956- 
710 2 |a Obchodná fakulta EU. Katedra služieb a cestovného ruchu - zrušené